000
00299nam a2200121Ia 4500
008
190216s9999||||xx |||||||||||||| ||und||
100
_a
Kavalam Viswanatha Kurup
245
0
_a
Jeevana
260
_b
Sahithya Pravarthaka Sahakarana Sangam
_c
1967
300
_a
25p
650
_a
Kavithkal
942
_c
BK
999
_c
24550
_d
24550